[Event "Paris-ch op-A"]
[Site "Paris"]
[Date "2010.07.04"]
[Round "2"]
[White "Jego, Eric"]
[Black "Vallobra, Pierre"]
[Result "0-1"]
[WhiteElo "1993"]
[BlackElo "2114"]
[PlyCount "60"]
[EventDate "2010.07.03"]
[EventType "swiss"]
[EventRounds "9"]
[EventCountry "FRA"]
[SourceTitle "CBM 137 Extra"]
[Source "ChessBase"]
[SourceDate "2010.09.01"]
[SourceVersion "1"]
[SourceVersionDate "2010.09.01"]
[SourceQuality "1"]

1. d4 Nf6 2. Nc3 d5 3. e4 dxe4 4. f3 c5 5. d5 exf3 6. Nxf3 a6 7. Bg5 Nbd7 8. Bd3 b5 9. d6 Qb6 10. Qe2 e6 11. 0-0 c4+ 12. Be3 cxd3 13. cxd3 Qb8 14. d4 Bb7 15. Rad1 b4 16. Na4 Bxd6 17. Bg5 Nd5 18. Rde1 Bc6 19. b3 Bb5 20. Qf2 Bxf1 21. Rxf1 N7f6 22. Nb2 Bf4 23. Nd3 h6 24. Bxf4 Nxf4 25. Nde5 Qd6 26. Qe3 N4d5 27. Qd3 0-0 28. Nh4 Rac8 29. Nc4 Nf4 30. Qd2 Qxd4+ 0-1

[Event "Elancourt op"]
[Site "Elancourt"]
[Date "2010.05.02"]
[Round "9"]
[White "Vallobra, Pierre"]
[Black "Guliyev, Namig"]
[Result "0-1"]
[WhiteElo "2062"]
[BlackElo "2516"]
[PlyCount "48"]
[EventDate "2010.04.25"]
[EventType "swiss"]
[EventRounds "9"]
[EventCountry "FRA"]
[SourceTitle "CBM 136 Extra"]
[Source "ChessBase"]
[SourceDate "2010.07.02"]
[SourceVersion "2"]
[SourceVersionDate "2010.07.15"]
[SourceQuality "1"]

1. e4 c5 2. Nf3 e6 3. d4 cxd4 4. Nxd4 Nf6 5. Nc3 d6 6. Bg5 a6 7. Bc4 Be7 8. Qd2 b5 9. Bb3 0-0 10. a3 Bb7 11. f3 Nbd7 12. Rd1 Rc8 13. Nde2 h6 14. Bf4 Ne5 15. 0-0 Qc7 16. Ng3 Rfd8 17. Qe2 Nc4 18. Bxc4 Qxc4 19. Qxc4 Rxc4 20. Rd2 d5 21. Be5 dxe4 22. Rxd8+ Bxd8 23. fxe4 Bb6+ 24. Kh1 Ng4 0-1

[Event "Elancourt op"]
[Site "Elancourt"]
[Date "2010.04.29"]
[Round "6"]
[White "Baron, Daniel"]
[Black "Vallobra, Pierre"]
[Result "0-1"]
[WhiteElo "2061"]
[BlackElo "2062"]
[PlyCount "78"]
[EventDate "2010.04.25"]
[EventType "swiss"]
[EventRounds "9"]
[EventCountry "FRA"]
[SourceTitle "CBM 136 Extra"]
[Source "ChessBase"]
[SourceDate "2010.07.02"]
[SourceVersion "2"]
[SourceVersionDate "2010.07.15"]
[SourceQuality "1"]

1. d4 Nf6 2. Bf4 g6 3. e3 Bg7 4. Be2 d6 5. Nf3 Nbd7 6. h3 0-0 7. c4 c5 8. 0-0 a6 9. Nc3 Rb8 10. Rb1 b6 11. b4 Bb7 12. a4 cxd4 13. exd4 Rc8 14. d5 Qc7 15. b5 Nh5 16. Bd2 a5 17. Rc1 Nc5 18. Be3 e5 19. dxe6 fxe6 20. Ng5 Nf4 21. Bg4 Qe7 22. Bxc5 dxc5 23. Nxe6 Nxe6 24. Re1 Rf5 25. Bxf5 gxf5 26. Nd5 Qf7 27. Re3 f4 28. Re4 Rd8 29. Qe1 Bxd5 30. cxd5 Nd4 31. d6 f3 32. Rd1 Qg6 33. Rg4 Qxd6 34. Kh1 fxg2+ 35. Rxg2 Qe6 36. Qc3 Kh8 37. Re1 Qf6 38. Qe3 Rf8 39. Qc1 Nc2 0-1

[Event "Elancourt op"]
[Site "Elancourt"]
[Date "2010.04.27"]
[Round "4"]
[White "Durez, Gerard"]
[Black "Vallobra, Pierre"]
[Result "0-1"]
[WhiteElo "1628"]
[BlackElo "2062"]
[PlyCount "55"]
[EventDate "2010.04.25"]
[EventType "swiss"]
[EventRounds "9"]
[EventCountry "FRA"]
[SourceTitle "CBM 136 Extra"]
[Source "ChessBase"]
[SourceDate "2010.07.02"]
[SourceVersion "2"]
[SourceVersionDate "2010.07.15"]
[SourceQuality "1"]

1. d4 Nf6 2. Nc3 d5 3. Nf3 e6 4. a3 c5 5. e3 b6 6. Be2 Nbd7 7. Ne5 Nxe5 8. dxe5 Nd7 9. Bb5 Be7 10. Bxd7+ Qxd7 11. 0-0 0-0 12. Ne2 Bb7 13. c3 Qc6 14. Ng3 d4 15. e4 dxc3 16. bxc3 f5 17. exf6 Bxf6 18. Qg4 Bxc3 19. Ra2 Ba6 20. Bh6 Bxf1 21. Nxf1 Kh8 22. Be3 Rad8 23. Rc2 Bd4 24. Bg5 Rd7 25. h4 Rdf7 26. Ne3 h6 27. Qh5 Qxe4 28. Re2 0-1

[Event "Elancourt op"]
[Site "Elancourt"]
[Date "2010.04.26"]
[Round "2"]
[White "Costa, Pierre Jean"]
[Black "Vallobra, Pierre"]
[Result "0-1"]
[WhiteElo "1859"]
[BlackElo "2062"]
[PlyCount "50"]
[EventDate "2010.04.25"]
[EventType "swiss"]
[EventRounds "9"]
[EventCountry "FRA"]
[SourceTitle "CBM 136 Extra"]
[Source "ChessBase"]
[SourceDate "2010.07.02"]
[SourceVersion "2"]
[SourceVersionDate "2010.07.15"]
[SourceQuality "1"]

1. e4 e6 2. d4 d5 3. Nc3 Nf6 4. e5 Nfd7 5. f4 c5 6. Nf3 Nc6 7. Be3 a6 8. Qd2 b5 9. a3 Qb6 10. Be2 cxd4 11. Nxd4 Bc5 12. Rd1 0-0 13. Kf2 Ndb8 14. Rhe1 f6 15. Nxc6 Nxc6 16. Nxd5 Bxe3+ 17. Nxe3 fxe5 18. f5 exf5 19. Qd5+ Kh8 20. Kf1 Bb7 21. Qb3 Nd4 22. Qb4 Qh6 23. c3 Qf4+ 24. Bf3 Bxf3 25. Rxd4 Be4+ 0-1

[Event "Montigny le Bretonneux Noel op 12th"]
[Site "Montigny le Bretonneux"]
[Date "2009.12.29"]
[Round "5"]
[White "Vallobra, Pierre"]
[Black "Stroppa, Daniel"]
[Result "0-1"]
[WhiteElo "2050"]
[BlackElo "2205"]
[PlyCount "94"]
[EventDate "2009.12.26"]
[EventType "swiss"]
[EventRounds "7"]
[EventCountry "FRA"]
[SourceTitle "EXT 2011"]
[Source "ChessBase"]
[SourceDate "2010.11.26"]
[SourceVersion "1"]
[SourceVersionDate "2010.11.26"]
[SourceQuality "1"]

1. d4 Nc6 2. Nf3 d6 3. e3 e5 4. Nbd2 Nf6 5. Bb5 e4 6. d5 a6 7. Nxe4 axb5 8. Nxf6+ Qxf6 9. dxc6 bxc6 10. Nd4 Bd7 11. 0-0 Be7 12. Qd3 Qg6 13. e4 0-0 14. Nf5 Bf6 15. Bd2 Rfe8 16. c3 Be6 17. b3 d5 18. Ng3 b4 19. f4 dxe4 20. Qxe4 bxc3 21. Qxc6 cxd2 22. f5 Bxf5 23. Nxf5 Bxa1 24. Ne7+ Kh8 25. Nxg6+ hxg6 26. Qc4 Rad8 27. Qh4+ Kg8 28. Rxa1 d1Q+ 29. Rxd1 Rxd1+ 30. Kf2 Rd2+ 31. Kf3 Rd3+ 32. Kf2 Rd2+ 33. Kf3 Rxa2 34. Qc4 Rb8 35. b4 Rb2 36. Qxc7 R2xb4 37. h3 Rb3+ 38. Kf2 R3b5 39. Qc4 Rb2+ 40. Kg1 Rd2 41. Qc7 Rb1+ 42. Kh2 Rbb2 43. Kh1 Rb1+ 44. Kh2 Rf1 45. Qc8+ Kh7 46. Qc4 Rff2 47. Kh1 Rxg2 0-1

[Event "Montigny le Bretonneux Noel op 12th"]
[Site "Montigny le Bretonneux"]
[Date "2009.12.28"]
[Round "4"]
[White "Conq, Alain"]
[Black "Vallobra, Pierre"]
[Result "0-1"]
[WhiteElo "1880"]
[BlackElo "2050"]
[PlyCount "36"]
[EventDate "2009.12.26"]
[EventType "swiss"]
[EventRounds "7"]
[EventCountry "FRA"]
[SourceTitle "EXT 2011"]
[Source "ChessBase"]
[SourceDate "2010.11.26"]
[SourceVersion "1"]
[SourceVersionDate "2010.11.26"]
[SourceQuality "1"]

1. d4 Nf6 2. Nf3 g6 3. Bf4 Bg7 4. Nbd2 d6 5. e4 Nfd7 6. Nc4 c5 7. c3 cxd4 8. cxd4 0-0 9. Qb3 a6 10. a4 Nc6 11. d5 Nc5 12. Qa3 Nd4 13. Nxd4 Bxd4 14. Rd1 Bg7 15. Nd2 Qa5 16. b3 Nxe4 17. b4 Qxd5 18. Bc4 Qf5 0-1

[Event "FRA-chT2 0910"]
[Site "France"]
[Date "2009.12.13"]
[Round "6.4"]
[White "Luco, Alain"]
[Black "Vallobra, Pierre"]
[Result "0-1"]
[WhiteElo "2148"]
[BlackElo "2055"]
[PlyCount "76"]
[EventDate "2009.09.27"]
[EventType "team-tourn"]
[EventRounds "11"]
[EventCountry "FRA"]
[SourceTitle "EXT 2011"]
[Source "ChessBase"]
[SourceDate "2010.11.26"]
[SourceVersion "1"]
[SourceVersionDate "2010.11.26"]
[SourceQuality "1"]

1. e4 e6 2. d4 d5 3. e5 c5 4. c3 Nc6 5. Nf3 Nh6 6. Bxh6 gxh6 7. Be2 Bd7 8. 0-0 Bg7 9. Re1 0-0 10. Bd3 cxd4 11. cxd4 f6 12. Nc3 fxe5 13. dxe5 Qe7 14. Nb5 Rf4 15. g3 Rf7 16. Nd6 Rxf3 17. Qxf3 Nxe5 18. Rxe5 Bxe5 19. Nxb7 Rf8 20. Qe3 Qg7 21. Rd1 Kh8 22. Bb1 Bxb2 23. Nc5 e5 24. Nxd7 Qxd7 25. Qxh6 Qf7 26. Qe3 Bd4 27. Rxd4 exd4 28. Qxd4+ Qf6 29. Qd2 Rf7 30. Bd3 Qd4 31. Qe3 Qxe3 32. fxe3 Rf3 33. Bb5 Rxe3 34. Kf2 Ra3 35. Bc6 Rxa2+ 36. Ke3 Rxh2 37. Bxd5 Kg7 38. g4 Kf6 0-1

[Event "FRA-chT2 0910"]
[Site "France"]
[Date "2009.11.22"]
[Round "4.4"]
[White "Le Corre, Benjamin"]
[Black "Vallobra, Pierre"]
[Result "1-0"]
[WhiteElo "2252"]
[BlackElo "2052"]
[PlyCount "125"]
[EventDate "2009.09.27"]
[EventType "team-tourn"]
[EventRounds "11"]
[EventCountry "FRA"]
[SourceTitle "EXT 2011"]
[Source "ChessBase"]
[SourceDate "2010.11.26"]
[SourceVersion "1"]
[SourceVersionDate "2010.11.26"]
[SourceQuality "1"]

1. e4 e6 2. d4 d5 3. Nd2 Nf6 4. e5 Nfd7 5. Bd3 c5 6. c3 Nc6 7. Ne2 Qb6 8. Nf3 f6 9. exf6 Nxf6 10. 0-0 Bd6 11. dxc5 Bxc5 12. b4 Bd6 13. b5 Ne7 14. Be3 Qc7 15. Ned4 Bc5 16. Ng5 Bxd4 17. Bxd4 e5 18. Be3 e4 19. b6 Qc6 20. Be2 a6 21. c4 h6 22. cxd5 Nexd5 23. Bh5+ Ke7 24. Nf7 Bg4 25. Bxg4 Kxf7 26. Rc1 Qb5 27. Be2 Qd7 28. Qb3 Kg6 29. Rfd1 Qf5 30. Rc5 Rhd8 31. h3 Nxe3 32. Rxf5 Nxf5 33. Bg4 Nxg4 34. hxg4 Nd4 35. Qa4 Ne2+ 36. Kh2 Nc3 37. Rxd8 Rxd8 38. Qc4 Nd5 39. Qxe4+ Kf7 40. f4 Rd7 41. Qf5+ Ke7 42. Qe5+ Kf7 43. g5 hxg5 44. Qf5+ Ke7 45. Qxg5+ Kd6 46. g4 Nxb6 47. Qe5+ Kc6 48. f5 Nd5 49. Kg3 Re7 50. Qb2 Kd6 51. Kh4 Rf7 52. Kg5 Rc7 53. Qh2+ Kc6 54. Kg6 Re7 55. g5 Rd7 56. Qe5 Re7 57. Qd4 Kd6 58. Kh7 Kc6 59. Qxg7 Rxg7+ 60. Kxg7 Kd7 61. f6 Nf4 62. f7 Ne6+ 63. Kg8 1-0

[Event "FRA-chT2 0910"]
[Site "France"]
[Date "2009.10.04"]
[Round "1.2"]
[White "Vallobra, Pierre"]
[Black "Debeaune, Robin"]
[Result "1-0"]
[WhiteElo "2052"]
[BlackElo "2168"]
[PlyCount "51"]
[EventDate "2009.09.27"]
[EventType "team-tourn"]
[EventRounds "11"]
[EventCountry "FRA"]
[SourceTitle "EXT 2011"]
[Source "ChessBase"]
[SourceDate "2010.11.26"]
[SourceVersion "1"]
[SourceVersionDate "2010.11.26"]
[SourceQuality "1"]

1. d4 Nf6 2. c4 c5 3. d5 b5 4. cxb5 a6 5. e3 axb5 6. Bxb5 Qa5+ 7. Nc3 Bb7 8. Bc4 e6 9. Bd2 Qc7 10. e4 Nxe4 11. Nxe4 exd5 12. Bf4 Qxf4 13. Bxd5 Bxd5 14. Qxd5 Ra4 15. Nc3 Rd4 16. Qb7 Qd2+ 17. Kf1 Qd3+ 18. Nge2 Nc6 19. h4 Nd8 20. Qc8 Qc4 21. b3 Qb4 22. Nxd4 Qxd4 23. Rd1 Qg4 24. f3 Qf5 25. Nb5 g6 26. Re1+ 1-0

[Event "Saint Quentin op 11th"]
[Site "Elancourt"]
[Date "2009.04.23"]
[Round "7"]
[White "Fromentin, Sebastien"]
[Black "Vallobra, Pierre"]
[Result "0-1"]
[WhiteElo "1907"]
[BlackElo "2009"]
[PlyCount "84"]
[EventDate "2009.04.18"]
[EventType "swiss"]
[EventRounds "9"]
[EventCountry "FRA"]
[SourceTitle "CBM 129 Extra"]
[Source "ChessBase"]
[SourceDate "2009.05.05"]
[SourceVersion "2"]
[SourceVersionDate "2009.05.20"]
[SourceQuality "1"]

1. d4 Nf6 2. c4 g6 3. Nf3 Bg7 4. e3 d6 5. Nc3 0-0 6. Be2 Nbd7 7. 0-0 Re8 8. e4 e5 9. dxe5 Nxe5 10. Nxe5 dxe5 11. Qc2 c6 12. Bg5 Qc7 13. Rad1 Nd7 14. Bg4 Nc5 15. Bxc8 Raxc8 16. b4 Ne6 17. Be3 Nd4 18. Qc1 Rcd8 19. Bh6 Bh8 20. Kh1 Qe7 21. a3 Qe6 22. Na4 b6 23. f3 Rd7 24. Nb2 Red8 25. Rd3 Bf6 26. Rfd1 Be7 27. Be3 c5 28. b5 a6 29. Bxd4 cxd4 30. f4 axb5 31. f5 Qc6 32. fxg6 hxg6 33. Rh3 Qxe4 34. Re1 Qf5 35. Rf1 Bg5 36. Qe1 Qe6 37. Qe4 bxc4 38. Rg3 Bf4 39. Rh3 d3 40. Qe1 Qg4 41. Qc3 Qe2 42. Rxf4 d2 0-1

[Event "Saint Quentin op 11th"]
[Site "Elancourt"]
[Date "2009.04.22"]
[Round "6"]
[White "Vallobra, Pierre"]
[Black "Collette, Gilles"]
[Result "1-0"]
[WhiteElo "2009"]
[BlackElo "1914"]
[PlyCount "79"]
[EventDate "2009.04.18"]
[EventType "swiss"]
[EventRounds "9"]
[EventCountry "FRA"]
[SourceTitle "CBM 129 Extra"]
[Source "ChessBase"]
[SourceDate "2009.05.05"]
[SourceVersion "2"]
[SourceVersionDate "2009.05.20"]
[SourceQuality "1"]

1. d4 Nf6 2. c4 Nc6 3. Nc3 e5 4. d5 Ne7 5. e4 Ng6 6. Nf3 Bc5 7. Be2 0-0 8. 0-0 d6 9. a3 a5 10. Rb1 Ne8 11. b4 axb4 12. axb4 Ba7 13. Bd3 Bg4 14. h3 Bxf3 15. Qxf3 Qf6 16. Qg3 Nf4 17. Ne2 Nxe2+ 18. Bxe2 Qg6 19. Qh4 Nf6 20. Bf3 h6 21. Kh2 Bd4 22. Bb2 Bxb2 23. Rxb2 Ra3 24. c5 Qh7 25. cxd6 cxd6 26. Rc1 Rfa8 27. Rc4 b5 28. Rc6 g5 29. Qg3 Nxe4 30. Qg4 Nf6 31. Qg3 Ne8 32. Re2 f5 33. Rxe5 Nf6 34. Rxd6 Nh5 35. Bxh5 Rxg3 36. fxg3 Rf8 37. Ree6 f4 38. Rg6+ Kh8 39. Rxh6 fxg3+ 40. Kxg3 1-0

[Event "Saint Quentin op 11th"]
[Site "Elancourt"]
[Date "2009.04.19"]
[Round "3"]
[White "Goulenok, Eric"]
[Black "Vallobra, Pierre"]
[Result "1-0"]
[WhiteElo "2133"]
[BlackElo "2009"]
[PlyCount "99"]
[EventDate "2009.04.18"]
[EventType "swiss"]
[EventRounds "9"]
[EventCountry "FRA"]
[SourceTitle "CBM 129 Extra"]
[Source "ChessBase"]
[SourceDate "2009.05.05"]
[SourceVersion "2"]
[SourceVersionDate "2009.05.20"]
[SourceQuality "1"]

1. e4 e6 2. d3 d5 3. Nd2 Nf6 4. Ngf3 Be7 5. g3 0-0 6. Bg2 c5 7. 0-0 Nc6 8. Re1 Qc7 9. e5 Nd7 10. Qe2 b6 11. c4 d4 12. Ne4 Bb7 13. Bf4 Rad8 14. h4 Ncxe5 15. Nxe5 Nxe5 16. Qh5 f6 17. Ng5 fxg5 18. Bxe5 Qd7 19. hxg5 Bxg2 20. Kxg2 Qc6+ 21. Re4 Rf5 22. f4 Bxg5 23. Rh1 h6 24. Qg6 Bf6 25. g4 Rxe5 26. fxe5 Bg5 27. Rf1 Qe8 28. Qxe8+ Rxe8 29. b4 Be3 30. g5 Bxg5 31. bxc5 bxc5 32. Ree1 Bd2 33. Rb1 Bb4 34. a3 Bxa3 35. Ra1 Bb4 36. Rxa7 Rf8 37. Re7 Rxf1 38. Kxf1 Kf8 39. Rxe6 Kf7 40. Rc6 h5 41. Kg2 g5 42. Kf3 g4+ 43. Ke4 g3 44. Kf3 h4 45. Rh6 Ba5 46. Rxh4 Ke6 47. Ke4 Bd2 48. Rg4 Be1 49. Rg6+ Ke7 50. Kf5 1-0

[Event "Montigny le Bretonneux-A 7th"]
[Site "Montigny le Bretonneux"]
[Date "2008.11.02"]
[Round "9"]
[White "Simon, Benoit"]
[Black "Vallobra, Pierre"]
[Result "1/2-1/2"]
[WhiteElo "1853"]
[BlackElo "1973"]
[PlyCount "47"]
[EventDate "2008.10.25"]
[EventType "tourn"]
[EventRounds "9"]
[EventCountry "FRA"]
[SourceTitle "EXT 2009"]
[Source "ChessBase"]
[SourceDate "2008.11.26"]
[SourceVersion "1"]
[SourceVersionDate "2008.11.26"]
[SourceQuality "1"]

1. c4 c6 2. Nc3 d5 3. d4 Nf6 4. e3 e6 5. a3 Bd6 6. Nf3 0-0 7. Qc2 Nbd7 8. Bd2 e5 9. dxe5 Nxe5 10. Nxe5 Bxe5 11. cxd5 cxd5 12. Rd1 Be6 13. Bd3 Rc8 14. Qa4 a6 15. 0-0 Bb8 16. Qh4 h6 17. Ne2 Ng4 18. Qxd8 Rfxd8 19. h3 Ne5 20. Bc3 Nxd3 21. Rxd3 f6 22. Rfd1 Bf7 23. f3 Re8 24. Kf2 1/2-1/2

[Event "Montigny le Bretonneux-A 7th"]
[Site "Montigny le Bretonneux"]
[Date "2008.10.26"]
[Round "2"]
[White "Gaillard, Michel"]
[Black "Vallobra, Pierre"]
[Result "1/2-1/2"]
[WhiteElo "1969"]
[BlackElo "1973"]
[PlyCount "35"]
[EventDate "2008.10.25"]
[EventType "tourn"]
[EventRounds "9"]
[EventCountry "FRA"]
[SourceTitle "EXT 2009"]
[Source "ChessBase"]
[SourceDate "2008.11.26"]
[SourceVersion "1"]
[SourceVersionDate "2008.11.26"]
[SourceQuality "1"]

1. d4 d5 2. c4 e6 3. Nf3 Nf6 4. Nc3 b6 5. cxd5 exd5 6. Bg5 Be7 7. e3 0-0 8. Bd3 Bb7 9. 0-0 Nbd7 10. Qc2 c5 11. dxc5 bxc5 12. Rad1 h6 13. Bh4 Qa5 14. Bf5 Rad8 15. a3 Nb6 16. Bg3 Nc4 17. Ne5 Nd6 18. Bd3 1/2-1/2

[Event "Montigny le Bretonneux-A 7th"]
[Site "Montigny le Bretonneux"]
[Date "2008.10.25"]
[Round "1"]
[White "Vallobra, Pierre"]
[Black "Forissier, Nicolas"]
[Result "0-1"]
[WhiteElo "1973"]
[BlackElo "2000"]
[PlyCount "92"]
[EventDate "2008.10.25"]
[EventType "tourn"]
[EventRounds "9"]
[EventCountry "FRA"]
[SourceTitle "EXT 2009"]
[Source "ChessBase"]
[SourceDate "2008.11.26"]
[SourceVersion "1"]
[SourceVersionDate "2008.11.26"]
[SourceQuality "1"]

1. d4 Nf6 2. c4 g6 3. Nc3 d5 4. cxd5 Nxd5 5. e4 Nxc3 6. bxc3 Bg7 7. Bc4 0-0 8. Ne2 c5 9. 0-0 Nc6 10. Be3 cxd4 11. cxd4 Bg4 12. f3 Na5 13. Bd5 Bd7 14. Rb1 Bc6 15. Bxc6 bxc6 16. Qa4 Qc7 17. Bd2 Nb7 18. Rfc1 Rfc8 19. Rc2 Nd8 20. d5 Rab8 21. Rbc1 Qb6+ 22. Kf1 c5 23. Bf4 Ra8 24. Qd7 Qb7 25. Qe8+ Bf8 26. Qa4 Qb6 27. Rc3 Qf6 28. e5 Qh4 29. Rxc5 Rxc5 30. Rxc5 g5 31. Rc4 gxf4 32. Rxf4 Qxh2 33. Rg4+ Kh8 34. Qe8 Qh6 35. Rh4 Qg7 36. Rg4 Qh6 37. Nd4 Rb8 38. Nf5 Qh1+ 39. Kf2 Rb2+ 40. Kg3 Qxg2+ 41. Kf4 Qd2+ 42. Ne3 Rb4+ 43. Kg3 Qe1+ 44. Kh3 Qh1+ 45. Kg3 Qe1+ 46. Kh3 Qh1+ 0-1

[Event "Montigny le Bretonneux Noel op 10th"]
[Site "Montigny le Bretonneux"]
[Date "2007.11.04"]
[Round "9"]
[White "Couronne, Patrice"]
[Black "Vallobra, Pierre"]
[Result "0-1"]
[WhiteElo "1828"]
[BlackElo "1867"]
[PlyCount "47"]
[EventDate "2007.12.26"]
[EventType "swiss"]
[EventRounds "7"]
[EventCountry "FRA"]
[SourceTitle "EXT 2008"]
[Source "ChessBase"]
[SourceDate "2007.11.25"]
[SourceVersion "1"]
[SourceVersionDate "2007.11.25"]
[SourceQuality "1"]

1. b3 d5 2. Bb2 e6 3. e3 Nf6 4. f4 Be7 5. Nf3 0-0 6. Nc3 c5 7. Be2 Nc6 8. 0-0 a6 9. Ne5 Nxe5 10. fxe5 Nd7 11. d4 Bg5 12. Rf3 Qb6 13. Na4 Qc7 14. c4 cxd4 15. exd4 dxc4 16. Ba3 Rd8 17. Rg3 Bf4 18. Bd6 Qa5 19. Rf3 Nxe5 20. b4 Nxf3+ 21. Bxf3 Be3+ 22. Kh1 Qg5 23. Bc5 Bxd4 24. Qe2 0-1

[Event "Montigny le Bretonneux Noel op 10th"]
[Site "Montigny le Bretonneux"]
[Date "2007.11.03"]
[Round "8"]
[White "Vallobra, Pierre"]
[Black "Branson, James"]
[Result "1-0"]
[WhiteElo "1867"]
[BlackElo "1819"]
[PlyCount "65"]
[EventDate "2007.12.26"]
[EventType "swiss"]
[EventRounds "7"]
[EventCountry "FRA"]
[SourceTitle "EXT 2008"]
[Source "ChessBase"]
[SourceDate "2007.11.25"]
[SourceVersion "1"]
[SourceVersionDate "2007.11.25"]
[SourceQuality "1"]

1. d4 d5 2. c4 c6 3. Nc3 Nf6 4. e3 e6 5. Nf3 Nbd7 6. b3 Bd6 7. Be2 0-0 8. 0-0 b6 9. Bb2 Qc7 10. Rc1 Bb7 11. g3 a6 12. Nd2 Qb8 13. Bf3 e5 14. Ne2 e4 15. Bg2 Nh5 16. Nc3 g6 17. Qe2 Ndf6 18. f3 Bxg3 19. hxg3 Nxg3 20. Qf2 Nxf1 21. Rxf1 Nh5 22. fxe4 Ng3 23. Re1 dxe4 24. Ndxe4 Nxe4 25. Nxe4 f5 26. Ng5 Qd6 27. Qh4 h5 28. Nh3 Rae8 29. Nf4 Rc8 30. Qg5 Kh7 31. d5 c5 32. Kf2 Rg8 33. Rh1 1-0

[Event "Montigny le Bretonneux Noel op 10th"]
[Site "Montigny le Bretonneux"]
[Date "2007.11.02"]
[Round "7"]
[White "Hurlot, Rodolphe"]
[Black "Vallobra, Pierre"]
[Result "0-1"]
[WhiteElo "1730"]
[BlackElo "1867"]
[PlyCount "50"]
[EventDate "2007.12.26"]
[EventType "swiss"]
[EventRounds "7"]
[EventCountry "FRA"]
[SourceTitle "EXT 2008"]
[Source "ChessBase"]
[SourceDate "2007.11.25"]
[SourceVersion "1"]
[SourceVersionDate "2007.11.25"]
[SourceQuality "1"]

1. d4 d5 2. c4 c6 3. cxd5 cxd5 4. Nf3 Nc6 5. Nc3 Nf6 6. Bf4 a6 7. e3 e6 8. Ne5 Nxe5 9. Bxe5 Be7 10. Bd3 0-0 11. 0-0 Bd7 12. Rc1 Bc6 13. Qe2 Nd7 14. f4 f5 15. Qc2 g6 16. g4 Nxe5 17. fxe5 Bg5 18. Qe2 f4 19. Nd1 fxe3 20. Rxf8+ Qxf8 21. Nxe3 Qf4 22. Re1 Qxd4 23. b3 Rf8 24. Kh1 Qxe5 25. Nc2 d4+ 0-1

[Event "Montigny le Bretonneux Noel op 10th"]
[Site "Montigny le Bretonneux"]
[Date "2007.10.28"]
[Round "2"]
[White "Ferriere, Patrick"]
[Black "Vallobra, Pierre"]
[Result "0-1"]
[WhiteElo "1735"]
[BlackElo "1867"]
[PlyCount "102"]
[EventDate "2007.12.26"]
[EventType "swiss"]
[EventRounds "7"]
[EventCountry "FRA"]
[SourceTitle "EXT 2008"]
[Source "ChessBase"]
[SourceDate "2007.11.25"]
[SourceVersion "1"]
[SourceVersionDate "2007.11.25"]
[SourceQuality "1"]

1. c4 c6 2. g3 d5 3. cxd5 cxd5 4. Nf3 Nc6 5. Bg2 Nf6 6. d3 e6 7. Nc3 Bc5 8. 0-0 0-0 9. Bf4 Bd7 10. Rc1 Be7 11. Nb5 Ne8 12. Nbd4 f6 13. Nxc6 bxc6 14. Be3 e5 15. Bc5 Bxc5 16. Rxc5 Qb6 17. Qc2 Rb8 18. b3 Nc7 19. e3 Na6 20. Rc3 Rfc8 21. Nd2 Nb4 22. Qb1 Qa5 23. a4 Na6 24. Rfc1 Nb4 25. d4 e4 26. Bf1 Qd8 27. f3 f5 28. f4 Qf6 29. Qb2 Qg6 30. Qa3 a5 31. Rc5 Ra8 32. Nb1 Qg4 33. Qb2 h5 34. Qf2 Rcb8 35. R5c3 h4 36. Be2 Qg6 37. g4 fxg4 38. Qxh4 Na2 39. Nd2 Nxc3 40. Rxc3 Kf7 41. Qg3 Rh8 42. Nf1 Rh3 43. Qg2 Rah8 44. Kf2 R3h4 45. Rc5 Ra8 46. Qg3 Qf6 47. Kg1 Rh6 48. Bxg4 Bxg4 49. Qe1 Qd8 50. Qc3 Qb6 51. Ng3 Bd7 0-1

[Event "Montigny le Bretonneux Noel op 09th"]
[Site "Montigny le Bretonneux"]
[Date "2006.12.27"]
[Round "4"]
[White "Danzanvilliers, Patrice"]
[Black "Vallobra, Pierre"]
[Result "0-1"]
[WhiteElo "1902"]
[BlackElo "1830"]
[PlyCount "90"]
[EventDate "2006.12.27"]
[EventType "swiss"]
[EventRounds "7"]
[EventCountry "FRA"]
[SourceTitle "CBM 116 Extra"]
[Source "ChessBase"]
[SourceDate "2007.03.07"]
[SourceVersion "1"]
[SourceVersionDate "2007.03.07"]
[SourceQuality "1"]

1. e4 e6 2. d4 d5 3. Nc3 Nf6 4. Bg5 Be7 5. e5 Nfd7 6. Bxe7 Qxe7 7. Qd2 0-0 8. f4 a6 9. Nf3 c5 10. Be2 Nc6 11. 0-0 cxd4 12. Nxd4 Qc5 13. Rad1 f6 14. exf6 Nxf6 15. Kh1 Bd7 16. Nb3 Qe7 17. Bf3 Rad8 18. Rfe1 Bc8 19. Nd4 Qd6 20. g3 Rfe8 21. Qe2 Nxd4 22. Rxd4 Qb6 23. Qe3 Qxb2 24. Rb1 Qxc2 25. Rd3 d4 26. Rxd4 Qf5 27. Bxb7 Nd5 28. Bxd5 exd5 29. Qf3 Re7 30. Rbd1 Qg4 31. Qf2 Bb7 32. Kg1 Red7 33. Re1 Qg6 34. Re5 Qc6 35. Qd2 Qc5 36. Kf1 a5 37. Kg2 h6 38. Na4 Qb5 39. Nc3 Qc5 40. Qe3 Rc7 41. Ne2 Ba6 42. Re6 Qb5 43. Rd1 Rc2 44. Rd2 d4 45. Rxd4 Rxd4 0-1

[Event "Montigny le Bretonneux Noel op 09th"]
[Site "Montigny le Bretonneux"]
[Date "2006.12.27"]
[Round "6"]
[White "Etrog, Jonathan"]
[Black "Vallobra, Pierre"]
[Result "1-0"]
[WhiteElo "2078"]
[BlackElo "1830"]
[PlyCount "55"]
[EventDate "2006.12.27"]
[EventType "swiss"]
[EventRounds "7"]
[EventCountry "FRA"]
[SourceTitle "CBM 116 Extra"]
[Source "ChessBase"]
[SourceDate "2007.03.07"]
[SourceVersion "1"]
[SourceVersionDate "2007.03.07"]
[SourceQuality "1"]

1. c4 e5 2. g3 Nf6 3. Bg2 Bc5 4. Nc3 0-0 5. e3 Re8 6. a3 a5 7. Nge2 e4 8. Qc2 Qe7 9. Nf4 c6 10. d3 exd3 11. Nxd3 Bb6 12. 0-0 d6 13. e4 Nbd7 14. Bf4 Ne5 15. Na4 Bd4 16. Rac1 b5 17. cxb5 cxb5 18. Bxe5 Bxe5 19. Nb6 Rb8 20. Nxc8 Rbxc8 21. Qxc8 Rxc8 22. Rxc8+ Ne8 23. Nxe5 dxe5 24. Rd1 g6 25. Rdd8 Kg7 26. Rxe8 Qd6 27. Red8 Qb6 28. Rd7 1-0